| 000 | 00806nam a2200265 a 4500 | ||
|---|---|---|---|
| 008 | |||
| 020 | _a632051302 (hardback) | ||
| 040 |
_aNUST _cNUST |
||
| 049 | _aMAIN | ||
| 090 |
_aRF46 _bFOX |
||
| 100 | 1 |
_aFoxen, E. H Miles., _aauthor. |
|
| 245 | 1 | 0 |
_aLecture notes on diseases of the ear nose and throat/ _c E. H Miles Foxen. |
| 250 | _aSecond edition. | ||
| 260 |
_aOxford : _bBlackwell Scientific, _c1968. |
||
| 300 |
_ax, 214 pages : _billustrations ; _c19 cm. |
||
| 336 |
_atext _btxt _2rdacontent |
||
| 337 |
_aunmediated _bn _2rdamedia |
||
| 338 |
_avolume _bnc _2rdacarrier |
||
| 500 | _aIncludes index. | ||
| 650 | 1 | _aOtolaryngology. | |
| 907 |
_a.b10412487 _b04-11-21 _c04-11-21 |
||
| 003 | |||
| 005 | 20230120204334.0 | ||
| 942 |
_cBOOKS _kRF46 _mFOX |
||
| 999 |
_c121476 _d121476 |
||